Fr. Conceicao Rodrigues College of Engineering

Introduction to Fluid Mechanics and fluid machines (Record no. 23068)

MARC details
000 -LEADER
fixed length control field 00312nam a2200133Ia 4500
082 ## - DEWEY DECIMAL CLASSIFICATION NUMBER
Classification number 532
Item number SOM
100 ## - MAIN ENTRY--PERSONAL NAME
Personal name John/J.E.A
245 ## - TITLE STATEMENT
Title Introduction to Fluid Mechanics and fluid machines
260 ## - PUBLICATION, DISTRIBUTION, ETC.
Name of publisher, distributor, etc. prentice hall
Place of publication, distribution, etc. New Delhi
Date of publication, distribution, etc. 1983
300 ## - PHYSICAL DESCRIPTION
Extent 1983
546 ## - LANGUAGE NOTE
Language note ENGLISH
654 ## - SUBJECT ADDED ENTRY--FACETED TOPICAL TERMS
Focus term mechanics
942 ## - ADDED ENTRY ELEMENTS (KOHA)
Koha item type BOOK
Holdings
Withdrawn status Lost status Damaged status Not for loan Collection Home library Current library Date acquired Total Checkouts Full call number Barcode Date last seen Price effective from Koha item type
        CRC Fr. Agnel's C.Rodrigues College of Engineering Fr. Agnel's C.Rodrigues College of Engineering 17/03/2023   532 SOM 14455 17/03/2023 17/03/2023 BOOK
        CRC Fr. Agnel's C.Rodrigues College of Engineering Fr. Agnel's C.Rodrigues College of Engineering 17/03/2023   532 SOM 14456 17/03/2023 17/03/2023 BOOK